[Event "FRA-chT2B 0506"]
[Site "France"]
[Date "2005.11.19"]
[Round "2.8"]
[White "Clarac, Jean Marie"]
[Black "Vergnaud, Jacques"]
[Result "0-1"]
[WhiteElo "2075"]
[BlackElo "1860"]
[PlyCount "29"]
[EventDate "2005.10.27"]
[EventType "team-tourn"]
[EventRounds "11"]
[EventCountry "FRA"]
[SourceTitle "EXT 2006"]
[Source "ChessBase"]
[SourceDate "2005.11.24"]
[SourceVersion "1"]
[SourceVersionDate "2005.11.24"]
[SourceQuality "1"]
[WhiteTeam "Rosny sous Bois"]
[BlackTeam "Rueil Malmaison"]
[WhiteTeamCountry "FRA"]
[BlackTeamCountry "FRA"]

1. c4 e6 2. g3 d5 3. Bg2 Nf6 4. Nf3 c5 5. cxd5 Nxd5 6. Nc3 Nc6 7. 0-0 Be7 8. Nxd5 exd5 9. d4 0-0 10. Be3 Bf6 11. dxc5 Bxb2 12. Rb1 Bf6 13. Qa4 Qc7 14. Nd4 Nxd4 15. Bxd4 0-1

[Event "Champigny sur Marne op"]
[Site "Champigny sur Marne"]
[Date "2005.03.??"]
[Round "1"]
[White "Clarac, Jean Marie"]
[Black "Zurano, Alberto"]
[Result "1-0"]
[WhiteElo "2088"]
[BlackElo "1850"]
[PlyCount "71"]
[EventDate "2005.03.??"]
[EventType "swiss"]
[EventRounds "7"]
[EventCountry "FRA"]
[SourceTitle "EXT 2007"]
[Source "ChessBase"]
[SourceDate "2006.11.23"]
[SourceVersion "1"]
[SourceVersionDate "2006.11.23"]
[SourceQuality "1"]

1. e4 c5 2. Nf3 d6 3. d4 cxd4 4. Nxd4 Nf6 5. Nc3 a6 6. Be2 e6 7. 0-0 Be7 8. Be3 0-0 9. f4 Qc7 10. a4 b6 11. Bf3 Bb7 12. e5 dxe5 13. Bxb7 Qxb7 14. fxe5 Nd5 15. Qf3 Nd7 16. Nxd5 Qxd5 17. Qxd5 exd5 18. Nc6 Bc5 19. Bxc5 bxc5 20. Ne7+ Kh8 21. Nxd5 Nxe5 22. Rfe1 f6 23. Nc7 Ra7 24. Ne6 Rc8 25. Red1 Kg8 26. b3 a5 27. Rd5 c4 28. Rad1 cxb3 29. cxb3 Rb8 30. Nd4 Rc8 31. h3 Kf7 32. Nb5 Ra6 33. Nd6+ Rxd6 34. Rxd6 Rb8 35. Rb1 Nc4 36. Rd4 1-0

[Event "FRA-chT2 0405"]
[Site "France"]
[Date "2005.02.06"]
[Round "7.8"]
[White "Clarac, Jean Marie"]
[Black "Soupizon, Remi"]
[Result "0-1"]
[WhiteElo "2088"]
[BlackElo "1998"]
[PlyCount "90"]
[EventDate "2004.10.10"]
[EventType "team"]
[EventRounds "11"]
[EventCountry "FRA"]
[SourceTitle "EXT 2006"]
[Source "ChessBase"]
[SourceDate "2005.11.24"]
[SourceVersion "1"]
[SourceVersionDate "2005.11.24"]
[SourceQuality "1"]
[WhiteTeam "Rosny sous Bois"]
[BlackTeam "Bois Colombes"]
[WhiteTeamCountry "FRA"]
[BlackTeamCountry "FRA"]

1. e4 d5 2. exd5 Qxd5 3. Nc3 Qa5 4. g3 Nf6 5. Bg2 c6 6. Nge2 Bg4 7. h3 Bh5 8. b4 Qc7 9. 0-0 e6 10. Rb1 a6 11. d3 Bd6 12. g4 Bg6 13. Bd2 h5 14. g5 Nd5 15. Ne4 Bxe4 16. Bxe4 Nf4 17. Nxf4 Bxf4 18. Qc1 Bxd2 19. Qxd2 g6 20. a4 Nd7 21. b5 axb5 22. axb5 0-0 23. bxc6 bxc6 24. Qe3 Ra5 25. Ra1 Rfa8 26. Rxa5 Rxa5 27. Bxg6 fxg6 28. Qxe6+ Kf8 29. f4 Rf5 30. Qxg6 Rxf4 31. Qh6+ Ke7 32. Qg7+ Ke6 33. Re1+ Kd5 34. Qg8+ Kc5 35. Qe6 Qd6 36. g6 Rf6 37. Qc4+ Kb6 38. Rb1+ Kc7 39. Qh4 Rxg6+ 40. Kf1 Qf8+ 41. Ke2 Rg2+ 42. Ke3 Qc5+ 43. Kf3 Qxc2 44. Re1 Rg8 45. Ke4 Re8+ 0-1

[Event "FRA-chT2 0405"]
[Site "France"]
[Date "2004.12.05"]
[Round "4.8"]
[White "Legrix, Jean Marie"]
[Black "Clarac, Jean Marie"]
[Result "0-1"]
[WhiteElo "2039"]
[BlackElo "2088"]
[PlyCount "62"]
[EventDate "2004.10.10"]
[EventType "team"]
[EventRounds "11"]
[EventCountry "FRA"]
[SourceTitle "EXT 2006"]
[Source "ChessBase"]
[SourceDate "2005.11.24"]
[SourceVersion "1"]
[SourceVersionDate "2005.11.24"]
[SourceQuality "1"]
[WhiteTeam "Rueil Malmaison"]
[BlackTeam "Rosny sous Bois"]
[WhiteTeamCountry "FRA"]
[BlackTeamCountry "FRA"]

1. d4 d5 2. Nf3 c6 3. e3 Nf6 4. Bd3 Bg4 5. 0-0 Nbd7 6. Nbd2 e5 7. dxe5 Nxe5 8. Be2 Bd6 9. Nxe5 Bxe2 10. Qxe2 Bxe5 11. f4 Bd6 12. e4 dxe4 13. Nxe4 0-0 14. Nxd6 Qxd6 15. Be3 Rfe8 16. Qf3 Qb4 17. Rab1 Qc4 18. c3 Qxa2 19. Bd4 Nd5 20. Qg4 f6 21. Qf3 b5 22. Qf2 Qc4 23. Rfe1 a5 24. Rxe8+ Rxe8 25. Re1 Rxe1+ 26. Qxe1 Kf7 27. f5 Nf4 28. Qe4 Ne2+ 29. Kf2 Nc1 30. Kg3 Qd3+ 31. Kf4 Ne2+ 0-1

[Event "FRA-chT2 0405"]
[Site "France"]
[Date "2004.11.07"]
[Round "3.7"]
[White "Clarac, Jean Marie"]
[Black "Hennion, David"]
[Result "0-1"]
[WhiteElo "2088"]
[BlackElo "1950"]
[PlyCount "40"]
[EventDate "2004.10.10"]
[EventType "team"]
[EventRounds "11"]
[EventCountry "FRA"]
[SourceTitle "EXT 2006"]
[Source "ChessBase"]
[SourceDate "2005.11.24"]
[SourceVersion "1"]
[SourceVersionDate "2005.11.24"]
[SourceQuality "1"]
[WhiteTeam "Rosny sous Bois"]
[BlackTeam "Neuville en Ferrain"]
[WhiteTeamCountry "FRA"]
[BlackTeamCountry "FRA"]

1. e4 d5 2. exd5 Qxd5 3. Nc3 Qa5 4. d4 c6 5. Bd3 Nf6 6. Bd2 Qb6 7. Nge2 Qxb2 8. 0-0 Qb6 9. Na4 Qd8 10. c4 b6 11. Nac3 e6 12. Qa4 Ba6 13. Rad1 Be7 14. Bf4 Qc8 15. d5 exd5 16. Nd4 dxc4 17. Bf5 Qb7 18. Rfe1 0-0 19. Rxe7 Qxe7 20. Bxb8 Bb5 0-1

[Event "FRA-chT2 0405"]
[Site "France"]
[Date "2004.10.10"]
[Round "1.7"]
[White "Clarac, Jean Marie"]
[Black "Gollain, Marc"]
[Result "1/2-1/2"]
[WhiteElo "2088"]
[BlackElo "2190"]
[PlyCount "80"]
[EventDate "2004.10.10"]
[EventType "team"]
[EventRounds "11"]
[EventCountry "FRA"]
[SourceTitle "EXT 2006"]
[Source "ChessBase"]
[SourceDate "2005.11.24"]
[SourceVersion "1"]
[SourceVersionDate "2005.11.24"]
[SourceQuality "1"]
[WhiteTeam "Rosny sous Bois"]
[BlackTeam "Bagneux"]
[WhiteTeamCountry "FRA"]
[BlackTeamCountry "FRA"]

1. e4 e5 2. Nf3 Nc6 3. d4 exd4 4. Nxd4 Bc5 5. Nxc6 Qf6 6. Qd2 dxc6 7. Nc3 Bd4 8. Nd1 a5 9. c3 Bc5 10. Qg5 Be7 11. Qxf6 Nxf6 12. f3 Be6 13. a4 Nd7 14. Bf4 0-0-0 15. Ne3 Nb6 16. Nf5 Bxf5 17. exf5 Bc5 18. Be2 Rhe8 19. g4 Nd5 20. Bd2 Ne3 21. Bxe3 Rxe3 22. Rd1 Rde8 23. Rd2 Rxf3 24. Kd1 Rf4 25. h3 Rd8 26. Rf1 Be3 27. Rxd8+ Kxd8 28. Rxf4 Bxf4 29. h4 Ke7 30. h5 Kf6 31. Kc2 Ke5 32. Kd3 Kd5 33. Bd1 f6 34. Bf3+ Kc5 35. Bd1 Be5 36. Bf3 b5 37. Bg2 Kb6 38. Bf3 c5 39. axb5 Kxb5 40. Bd5 c6 1/2-1/2

[Event "Martinez op-A"]
[Site "Cannes"]
[Date "2000.08.01"]
[Round "4"]
[White "Gandolphe, Francois"]
[Black "Clarac, Jean Marie"]
[Result "1-0"]
[WhiteElo "2013"]
[BlackElo "2122"]
[PlyCount "67"]
[EventDate "2000.07.29"]
[EventType "swiss"]
[EventRounds "9"]
[EventCountry "FRA"]
[SourceTitle "EXT 2001"]
[Source "ChessBase"]
[SourceDate "2000.11.22"]
[SourceVersion "1"]
[SourceVersionDate "2000.11.22"]
[SourceQuality "1"]

1. d4 d5 2. c4 c6 3. Nf3 Nf6 4. e3 e6 5. Nc3 Nbd7 6. Qc2 Bd6 7. Bd3 0-0 8. 0-0 a6 9. b3 e5 10. dxe5 Nxe5 11. Nxe5 Bxe5 12. cxd5 cxd5 13. Bb2 Be6 14. Rfd1 Rc8 15. Qd2 Ng4 16. f4 Bxf4 17. Bxh7+ Kxh7 18. exf4 Qh4 19. h3 Nf6 20. Qd3+ g6 21. Qd4 Nh5 22. f5 Qxd4+ 23. Rxd4 gxf5 24. Nxd5 Rc2 25. Ba3 Rg8 26. Ne3 Re2 27. Rh4 Kh6 28. g4 fxg4 29. hxg4 Kg5 30. Rxh5+ Kf4 31. Rf1+ Ke4 32. Bc5 Rxe3 33. Bxe3 Bxg4 34. Rg5 1-0

[Event "Juvisy sur Orge op"]
[Site "Juvisy sur Orge"]
[Date "1995.??.??"]
[Round "6"]
[White "Lopez, Jordi"]
[Black "Clarac, Jean Marie"]
[Result "1-0"]
[WhiteElo "2205"]
[BlackElo "2215"]
[PlyCount "67"]
[EventDate "1995.??.??"]
[EventType "tourn"]
[EventRounds "7"]
[EventCountry "FRA"]
[SourceTitle "EXT 2004"]
[Source "ChessBase"]
[SourceDate "2003.11.25"]
[SourceVersion "1"]
[SourceVersionDate "2003.11.25"]
[SourceQuality "1"]

1. d4 Nf6 2. Bg5 Ne4 3. Bh4 g5 4. Bg3 Nxg3 5. hxg3 c5 6. Qd2 Qb6 7. c3 h6 8. Nf3 Bg7 9. e3 d6 10. Qc2 Nc6 11. Nbd2 cxd4 12. exd4 Bd7 13. Nc4 Qc7 14. Ne3 Rc8 15. Qd3 e6 16. Be2 Qd8 17. Bd1 d5 18. 0-0 Qb6 19. Re1 Ne7 20. Qd2 0-0 21. Bc2 f5 22. Rab1 g4 23. Nh4 Be8 24. Bb3 Ng6 25. Nxg6 Bxg6 26. Rbd1 h5 27. Nc2 Qd8 28. Rxe6 Bf7 29. Re2 h4 30. Qf4 Qf6 31. Ne3 Be6 32. Nxd5 Bxd5 33. Bxd5+ Kh8 34. Re6 1-0

[Event "FRA-ch op FIDE"]
[Site "Paris"]
[Date "1994.??.??"]
[Round "1"]
[White "Clarac, Jean Marie"]
[Black "Roumegous, Etienne"]
[Result "0-1"]
[WhiteElo "2220"]
[BlackElo "2140"]
[PlyCount "102"]
[EventDate "1994.??.??"]
[EventType "swiss"]
[EventRounds "9"]
[EventCountry "FRA"]
[SourceTitle "EXT 1998"]
[Source "ChessBase"]
[SourceDate "1997.11.17"]
[SourceVersion "1"]
[SourceVersionDate "1997.11.17"]
[SourceQuality "1"]

1. d4 d5 2. Nf3 e6 3. c4 dxc4 4. e3 c5 5. Bxc4 Nf6 6. 0-0 Nc6 7. Nc3 cxd4 8. exd4 Be7 9. Re1 0-0 10. Bf4 Nb4 11. Qb3 Nbd5 12. Be5 b6 13. Ng5 h6 14. Nge4 Bb7 15. f3 Nxc3 16. bxc3 Bd5 17. Nxf6+ Bxf6 18. Bxd5 Qxd5 19. Qxd5 exd5 20. Bxf6 gxf6 21. Re7 Rfc8 22. Rc1 Kf8 23. Rd7 Rd8 24. Rxd8+ Rxd8 25. c4 dxc4 26. Rxc4 b5 27. Rb4 Rd5 28. a4 a5 29. Rb1 b4 30. Rd1 Rd7 31. d5 Ke7 32. Kf2 Kd6 33. Ke3 Re7+ 34. Kd4 Re2 35. Kc4 Rc2+ 36. Kb5 Rc5+ 37. Kb6 Rxd5 38. Rc1 Ke5 39. Rc4 Rd4 40. Rc5+ Rd5 41. Rc4 b3 42. Re4+ Kd6 43. Re3 b2 44. Rb3 Rd2 45. Kxa5 Kc5 46. Rb5+ Kc4 47. Kb6 Re2 48. g4 Re6+ 49. Kb7 Re7+ 50. Kb8 Kc3 51. a5 Re5 0-1